18 States of Sudan (Wilayats) - Statistics

General Stats
  • This quiz has been taken 352 times
    342 since last reset
  • The average score is 12 of 18
Answers on the Map
Answers color-coded by a green-red scale on the quiz's map according to % correct below.
 
Answer Stats
Answer % Correct
Khartoum
93%
White Nile
82%
Blue Nile
81%
North Darfur
81%
South Darfur
81%
East Darfur
80%
West Darfur
79%
Central Darfur
76%
Red Sea
76%
North Kordofan
62%
Northern
61%
South Kordofan
61%
West Kordofan
61%
River Nile
58%
Al Jazirah
48%
Sennar
40%
Kassala
39%
Al Qadarif
34%
No matching quizzes found
Score Distribution
Percent of People with Each Score
Percentile by Number Answered
Your Score History
You have not taken this quiz since the last reset